01000nas a2200241Ia 4500001001100000003000900011008004100020040001300061040001300074041001300087100003800100210001600138222001600154245009700170250001100267260003900278501008600317300001000403310001600413362003300429500026000462650003600722R017/H6506IT-RoPAU151124c99999999xx |||||||||||| ||und|| aIT-RoPAU cIT-RoPAU aITALIANO aAA.VV. gCodice Aut. SPICS: 12000 aFILMCRITICA aFilmcritica aFILMCRITICA SCUOLA, ANNO 9-N.34 (MAGGIO 2006)bFilmcritica Scuola, Anno 9-N.34 (Maggio 2006) a1a ed. aMONTEPULCIANO (SI)bLE BALZEc2006 bPaulus - SPICS - Società San Paolo EM (non-commercial uses only)cCopyright2015 a16 p. aTRIMESTRALE aANNO 009, N.34 (MAGGIO 2006) aSupplemento Rivista Filmcritica N. 565. Vittoria Sul Caimano di E. Bruno. Classic: Umberto D, Vittorio De Sica 1952 di A. Cappabianca. Leggere Cinema: Hugo Munsterberg di L. Esposito. Sugli Schermi: Sentire Impotenza Immagine di D. Dottorini; Nouvelle Vag aCINEMAvPUBBLICAZIONE PERIODICA